Calculus : (Record no. 5916)
[ view plain ]
| 000 -LEADER | |
|---|---|
| fixed length control field | 00925cam a22002775a 4500 |
| 008 - FIXED-LENGTH DATA ELEMENTS--GENERAL INFORMATION | |
| fixed length control field | 110704s2007 nyuad|||r|||| 001 0 eng d |
| 010 ## - | |
| -- | 2002190823 |
| 020 ## - INTERNATIONAL STANDARD BOOK NUMBER | |
| International Standard Book Number | 0471698043 (acid-free paper) |
| 020 ## - INTERNATIONAL STANDARD BOOK NUMBER | |
| International Standard Book Number | 9780471698043 |
| 040 ## - CATALOGING SOURCE | |
| Original cataloging agency | EG-ScBUE |
| Language of cataloging | eng |
| Transcribing agency | EG-ScBUE |
| 082 04 - DEWEY DECIMAL CLASSIFICATION NUMBER | |
| Classification number | 515 |
| Item number | CAL |
| Edition number | 22 |
| 245 00 - TITLE STATEMENT | |
| Title | Calculus : |
| Remainder of title | One and Several Variables / |
| Statement of responsibility, etc | Saturnino L Salas; Einar Hille; Garret J Etgen |
| 250 ## - EDITION STATEMENT | |
| Edition statement | 10th ed. |
| 260 ## - | |
| -- | New York : |
| -- | J. Wiley & Sons, |
| -- | 2007 |
| 300 ## - PHYSICAL DESCRIPTION | |
| Extent | (various pagings) : |
| Other physical details | ill. ; |
| Dimensions | 28 cm. |
| 336 ## - CONTENT TYPE | |
| Source | rdacontent |
| Content type term | text |
| Content type code | txt |
| 337 ## - MEDIA TYPE | |
| Media type term | unmediated |
| Source | rdamedia |
| Media type code | n |
| 338 ## - CARRIER TYPE | |
| Carrier type term | volume |
| Carrier type code | nc |
| Source | rdacarrier |
| 500 ## - GENERAL NOTE | |
| General note | Includes index. |
| 650 #0 - SUBJECT ADDED ENTRY--TOPICAL TERM | |
| Topical term or geographic name as entry element | Calculus. |
| 9 (RLIN) | 26125 |
| Source of heading or term | BUEsh |
| 651 ## - SUBJECT ADDED ENTRY--GEOGRAPHIC NAME | |
| Source of heading or term | BUEsh |
| 653 ## - INDEX TERM--UNCONTROLLED | |
| Arrived date list | August2015 |
| 655 ## - INDEX TERM--GENRE/FORM | |
| Form subdivision | |
| 9 (RLIN) | 33728 |
| 856 41 - ELECTRONIC LOCATION AND ACCESS | |
| Materials specified | Table of contents |
| Uniform Resource Identifier | <a href="http://www.loc.gov/catdir/toc/wiley031/2002190823.html">http://www.loc.gov/catdir/toc/wiley031/2002190823.html</a> |
| 942 ## - ADDED ENTRY ELEMENTS (KOHA) | |
| Koha item type | Book - Borrowing |
| Call number prefix | 515 SAL |
| Source of classification or shelving scheme | Dewey Decimal Classification |
| Classification part | RDA-MOD |
| Withdrawn status | Lost status | Source of classification or shelving scheme | Damaged status | Not for loan | Home library | Current library | Shelving location | Date acquired | Source of acquisition | Total Checkouts | Total Renewals | Full call number | Barcode | Checked out | Date last seen | Date checked out | Koha item type | Materials specified (bound volume or other part) | Collection code | Public note |
|---|---|---|---|---|---|---|---|---|---|---|---|---|---|---|---|---|---|---|---|---|
| Dewey Decimal Classification | Central Library | Central Library | First floor | 08/11/2007 | Purchase | 5 | 86 | 515 CAL | 000007242 | 15/04/2021 | 27/09/2018 | 27/09/2018 | Book - Borrowing | |||||||
| Lost | Dewey Decimal Classification | Central Library | Central Library | First floor | 04/07/2011 | 15 | 28 | 515 CAL | 000024307 | 11/06/2024 | 28/09/2019 | Book - Borrowing | Lost In Inventory 15-7-2025 | Instead of 000004533(9th ed.) | ||||||
| Dewey Decimal Classification | Central Library | Central Library | First floor | 04/07/2011 | 515 CAL | 000007244 | 15/07/2025 | NB - Book (Non borrowing) |